| 000 | 01155nam a2200253 a 4500 | ||
|---|---|---|---|
| 001 | BRL_1086 | ||
| 005 | 20190320211028.0 | ||
| 008 | 081113m19621974mx-ao#####---#000-0#spa-# | ||
| 041 | _aspa | ||
| 044 | _amx | ||
| 050 | 4 |
_aN6550 _b.H57 1962 |
|
| 245 | 1 | 0 | _aHistoria general del arte mexicano |
| 260 |
_aMéxico _bEditorial Hermes _c1962-19674 |
||
| 300 |
_a6 v. _bil. algunas a color _c29 cm. |
||
| 500 | _av.1 Au1234, v.2 Au1233, v.3 Au1232, v.4 Au1231, v.5 Au1229, v. 6 Au1230. | ||
| 500 | _avol.3 Contiene fe de erratas, Vol.5 contiene dedicatoria para Ruth Lechuga. | ||
| 505 | 0 | _aContenido: v.1 Época prehispánica / Raúl Flores Guerrero - v.2 Época colonial / Pedro Rojas - v.3 Época moderna y contemporánea - v.4 Etno-artesanías y arte pupular - v.5 Indumentaria tradicional indígena / Electra L. Mompradé y Tonatiúh Gutiérrez - v.6 Danzas y bailes populares / Electra L. Mompradé y Tonatiúh Gutiérrez. | |
| 650 | 1 | 4 |
_aArte mexicano _xHistoria _94535 |
| 650 | 1 | 4 |
_aArte popular _zMéxico _9882 |
| 650 | 1 | 4 |
_aIndumentaria _zMéxico _9808 |
| 650 | 1 | 4 |
_aDanzas populares y nacionales _zMéxico _925772 |
| 902 | _aGRL | ||
| 942 |
_2lcc _cB |
||
| 999 |
_c9898 _d9898 |
||